000 01824nam a22002537a 4500
005 20240305165632.0
007 cr|||| ||||
008 220516s2021 br |||||s|||| 00||0 por d
020 _a978-65-89888-20-8
035 _a36407
040 _avLex
090 _c13344
_d13344
100 1 _aNobre Rocha, Thiago Maia
245 1 0 _aPraticidade fiscal nas presunções tributárias
_h[Recurso electrónico] /
_cThiago Maia Nobre Rocha
256 _aServicio en línea
260 _aSan Pablo:
_bEditora Noeses,
_c2021
300 _a1 recurso electrónico
500 _aDescreve as presunções como instrumentos implementadores da praticidade fiscal, para tornar a execução das normas tributárias mais simples, de modo a atender a um número maior de pessoas e situações, facilitando a administração, a fiscalização e a arrecadação tributária. O Autor ressalta que as presunções (como normas jurídicas que pretendem garantir a praticidade fiscal) podem e devem ser limitadas por valores insculpidos (expressa ou implicitamente) no texto constitucional; estes denotam verdadeiros limites no sentido de tornar a legislação tributária mais igualitária, eficiente e exequível. Para tanto, percorre temas atuais e de grande relevo na atual sistemática tributária, como as presunções, a praticidade fiscal, as limitações e o controle de eventuais excessos.
506 1 _aDisponible solo en los productos indicados
_dvLex Global
_dvLex Global (Academic Edition, excluding Law Schools)
_dvLex Global (U.S. Academic Edition, Law Schools)
_dvLex Global (U.S. Academic Edition, excluding Law Schools)
_dvLex Global (Academic Edition, Law Schools)
650 0 4 _aDerecho Tributario
_zBrasil
740 0 _avLex Libros (Servicio en línea)
856 4 0 _uhttps://app.vlex.com/#/sources/36407
942 _cRAA
999 _c171580
_d171580